[Event "EU-Cup 29th"]
[Site "Rhodes"]
[Date "2013.10.23"]
[Round "4.5"]
[White "Sorin, Baptiste"]
[Black "Gupta, Milon"]
[Result "1-0"]
[WhiteElo "2183"]
[BlackElo "2287"]
[PlyCount "125"]
[EventDate "2013.10.20"]
[EventType "team-swiss"]
[EventRounds "7"]
[EventCountry "GRE"]
[SourceTitle "CBM 157"]
[Source "ChessBase"]
[SourceDate "2013.11.12"]
[SourceVersion "1"]
[SourceVersionDate "2013.11.12"]
[SourceQuality "1"]
[WhiteTeam "Sautron"]
[BlackTeam "Solingen"]
[WhiteTeamCountry "FRA"]
[BlackTeamCountry "GER"]

1. e4 e5 2. Nf3 Nc6 3. d4 exd4 4. Nxd4 Nf6 5. Nc3 Bb4 6. Nxc6 bxc6 7. Bd3 d5 8. exd5 cxd5 9. 0-0 0-0 10. Bg5 c6 11. a3 Bd6 12. Qd2 h6 13. Bf4 Bxf4 14. Qxf4 Be6 15. b4 a5 16. b5 cxb5 17. Nxb5 Qb8 18. Qd4 Bd7 19. Rab1 Re8 20. f3 Qe5 21. Rfe1 Qxd4+ 22. Nxd4 Rxe1+ 23. Rxe1 Rb8 24. Nb3 Kf8 25. Kf2 Rc8 26. Ra1 a4 27. Nd4 g6 28. Ke2 Rb8 29. Kd2 Ke7 30. Kc3 Kd6 31. Re1 Rc8+ 32. Kb4 Rb8+ 33. Nb5+ Kc6 34. Re7 Rf8 35. g4 Ne8 36. h4 Nd6 37. Nd4+ Kc7 38. Kc5 Ra8 39. Nb5+ Kd8 40. Rxd7+ Kxd7 41. Nxd6 Ke6 42. f4 Rd8 43. f5+ Ke7 44. Nb7 Rb8 45. Na5 Kf6 46. fxg6 fxg6 47. Kxd5 Rb2 48. Nc4 Rb5+ 49. Kc6 Rb1 50. h5 gxh5 51. gxh5 Ke6 52. Kc5 Rh1 53. Bg6 Rb1 54. Ne3 Kf6 55. Nd5+ Ke5 56. Nc3 Ra1 57. Kb4 Kd4 58. Nb5+ Kd5 59. c4+ Kc6 60. Be4+ Kd7 61. Kxa4 Re1 62. Bg6 Kc6 63. Kb4 1-0

[Event "EU-Cup 29th"]
[Site "Rhodes"]
[Date "2013.10.20"]
[Round "1.5"]
[White "Sorin, Baptiste"]
[Black "Abasov, Nijat Azad"]
[Result "0-1"]
[WhiteElo "2183"]
[BlackElo "2505"]
[PlyCount "142"]
[EventDate "2013.10.20"]
[EventType "team-swiss"]
[EventRounds "7"]
[EventCountry "GRE"]
[SourceTitle "CBM 157"]
[Source "ChessBase"]
[SourceDate "2013.11.12"]
[SourceVersion "1"]
[SourceVersionDate "2013.11.12"]
[SourceQuality "1"]
[WhiteTeam "Sautron"]
[BlackTeam "Odlar Yurdu"]
[WhiteTeamCountry "FRA"]
[BlackTeamCountry "AZE"]

1. e4 c6 2. d4 d5 3. Nc3 dxe4 4. Nxe4 Nf6 5. Nxf6+ exf6 6. Be2 Bd6 7. Nf3 0-0 8. 0-0 Re8 9. c3 Nd7 10. Re1 Nf8 11. h3 Qc7 12. Qc2 Be6 13. Be3 Ng6 14. Bd3 Qd7 15. Bf1 Re7 16. Rad1 Rae8 17. c4 Nf4 18. Bxf4 Bxf4 19. d5 cxd5 20. cxd5 Bf5 21. Rxe7 Rxe7 22. Qc5 b6 23. Qc6 h5 24. Qxd7 Bxd7 25. Nd4 Be5 26. Nc6 Re8 27. b4 Bd6 28. a3 h4 29. Bb5 a6 30. Bc4 b5 31. Bd3 Kf8 32. Kf1 Bf4 33. Be2 Bd6 34. Bf3 g5 35. Re1 Bf4 36. Rxe8+ Kxe8 37. Ke2 Bc1 38. Nb8 Bxa3 39. Nxa6 Bc8 40. Nc7+ Kd8 41. d6 Bxb4 42. Nxb5 Ba6 43. Bc6 Bxd6 44. Kd3 f5 45. Kd4 Bb8 46. Kd5 Ke7 47. f3 Kf6 48. Bd7 Bb7+ 49. Kd4 Bh2 50. Kd3 Ke5 51. Ke3 Bg1+ 52. Ke2 Bd5 53. Nc3 Bc4+ 54. Ke1 Bc5 55. Ne2 Bb4+ 56. Kf2 f4 57. Bc8 Bd2 58. Bd7 Kd6 59. Bc8 Bd3 60. Kf1 Kc7 61. Bg4 Kd8 62. Kf2 Kc7 63. Bh5 Bc4 64. Bg4 Be6 65. Bh5 Kd6 66. Kf1 Kc5 67. Kf2 Kc4 68. Bg4 Kd3 69. Bh5 Ba5 70. Bg4 f5 71. Bh5 Kd2 0-1

[Event "FRA-chT1A 1112"]
[Site "France"]
[Date "2011.12.10"]
[Round "4.5"]
[White "Le Borgne, Pierre"]
[Black "Sorin, Baptiste"]
[Result "1/2-1/2"]
[WhiteElo "2198"]
[BlackElo "2212"]
[PlyCount "53"]
[EventDate "2011.10.16"]
[EventType "team-tourn"]
[EventRounds "11"]
[EventCountry "FRA"]
[SourceTitle "EXT 2013"]
[Source "ChessBase"]
[SourceDate "2012.11.22"]
[SourceVersion "1"]
[SourceVersionDate "2012.11.22"]
[SourceQuality "1"]
[WhiteTeam "Lisieux"]
[BlackTeam "Sautron"]
[WhiteTeamCountry "FRA"]
[BlackTeamCountry "FRA"]

1. e4 c5 2. Nf3 d6 3. d4 cxd4 4. Qxd4 Nc6 5. Bb5 Bd7 6. Bxc6 bxc6 7. c4 c5 8. Qd3 Bc6 9. Nc3 g6 10. 0-0 Bg7 11. Be3 Nf6 12. Rad1 Nd7 13. Rfe1 0-0 14. Qd2 Re8 15. Bh6 Bh8 16. h4 Rb8 17. b3 Qa5 18. Rc1 Qb4 19. Nd5 Qxd2 20. Bxd2 h5 21. Ba5 Ne5 22. Nxe5 Bxe5 23. Bc3 Bxc3 24. Rxc3 Bxd5 25. exd5 a5 26. Re4 e5 27. dxe6 1/2-1/2

[Event "FRA-chT1A 1112"]
[Site "France"]
[Date "2011.11.12"]
[Round "2.7"]
[White "Sorin, Baptiste"]
[Black "Geffroy, Laurent"]
[Result "1/2-1/2"]
[WhiteElo "2212"]
[BlackElo "2233"]
[PlyCount "160"]
[EventDate "2011.10.16"]
[EventType "team-tourn"]
[EventRounds "11"]
[EventCountry "FRA"]
[SourceTitle "EXT 2013"]
[Source "ChessBase"]
[SourceDate "2012.11.22"]
[SourceVersion "1"]
[SourceVersionDate "2012.11.22"]
[SourceQuality "1"]
[WhiteTeam "Sautron"]
[BlackTeam "Issy les Moulineaux"]
[WhiteTeamCountry "FRA"]
[BlackTeamCountry "FRA"]

1. e4 e6 2. d4 d5 3. Nc3 Nf6 4. Bg5 Bb4 5. e5 h6 6. Bd2 Bxc3 7. bxc3 Ne4 8. Bd3 Nxd2 9. Qxd2 c5 10. f4 Qa5 11. Nf3 Nc6 12. c4 dxc4 13. Bxc4 Qxd2+ 14. Kxd2 Bd7 15. c3 Rc8 16. Rac1 Na5 17. Bd3 Ke7 18. Rhf1 Rhd8 19. Ke3 Bc6 20. f5 exf5 21. Bxf5 Rc7 22. Bd3 Bxf3 23. gxf3 Rcd7 24. Bb5 Rd5 25. a4 a6 26. Be2 cxd4+ 27. cxd4 Rxd4 28. Rfd1 Rxd1 29. Rxd1 Rxd1 30. Bxd1 f6 31. Ke4 fxe5 32. Kxe5 b5 33. axb5 axb5 34. Kd5 b4 35. Kc5 b3 36. Kb4 b2 37. Bc2 Nc6+ 38. Kc3 Ne5 39. f4 Ng4 40. Kxb2 Nxh2 41. Kc3 Kf6 42. Kd4 Ng4 43. Ke4 h5 44. Kf3 Nh6 45. Bd3 Nf5 46. Be4 Nd6 47. Bd3 Nb7 48. Bb1 Nc5 49. Kg3 Ne6 50. Ba2 Nd4 51. Bc4 Nc2 52. Kh4 Ne3 53. Ba2 Ng2+ 54. Kxh5 Nxf4+ 55. Kg4 Nd3 56. Bb1 Ne5+ 57. Kh4 Nf3+ 58. Kg4 Nd2 59. Bd3 Nb3 60. Bb1 Nc5 61. Bc2 Nd7 62. Bb1 Ne5+ 63. Kh4 g5+ 64. Kg3 Nc4 65. Bd3 Nd6 66. Kg4 Nf7 67. Bb1 Nh6+ 68. Kh5 Nf5 69. Kg4 Ne3+ 70. Kf3 Nc4 71. Kg4 Ne5+ 72. Kh5 Nf7 73. Ba2 Nd6 74. Bb1 Nb5 75. Bc2 Nc7 76. Bb1 Nd5 77. Be4 Ne3 78. Bd3 g4 79. Kh4 Ke5 80. Be2 Kf4 1/2-1/2

[Event "FRA-chT1A 1112"]
[Site "France"]
[Date "2011.10.16"]
[Round "1.6"]
[White "Sorin, Baptiste"]
[Black "Auvray, Simon"]
[Result "1-0"]
[WhiteElo "2212"]
[BlackElo "2009"]
[PlyCount "99"]
[EventDate "2011.10.16"]
[EventType "team-tourn"]
[EventRounds "11"]
[EventCountry "FRA"]
[SourceTitle "EXT 2013"]
[Source "ChessBase"]
[SourceDate "2012.11.22"]
[SourceVersion "1"]
[SourceVersionDate "2012.11.22"]
[SourceQuality "1"]
[WhiteTeam "Sautron"]
[BlackTeam "Agneaux Saint Lo"]
[WhiteTeamCountry "FRA"]
[BlackTeamCountry "FRA"]

1. e4 c5 2. Nf3 e6 3. d4 cxd4 4. Nxd4 Nc6 5. Nc3 a6 6. a3 Qc7 7. Be2 Nf6 8. 0-0 Nxd4 9. Qxd4 Bc5 10. Qd3 b5 11. Bg5 Qe5 12. Be3 Bb7 13. f4 Qc7 14. Kh1 0-0 15. Bf3 Bxe3 16. Qxe3 d6 17. Rad1 Rfd8 18. Rd2 Rd7 19. Rfd1 Rad8 20. Kg1 Qc5 21. Kf2 Kf8 22. g4 Ke7 23. g5 Ne8 24. f5 Qxe3+ 25. Kxe3 Nc7 26. f6+ gxf6 27. gxf6+ Kxf6 28. e5+ Kxe5 29. Bxb7 d5 30. Ne4 f5 31. Nc5 f4+ 32. Kf3 Rd6 33. Nd3+ Kf5 34. Nxf4 Rb6 35. Bxd5 exd5 36. Nxd5 Rxd5 37. Rxd5+ Nxd5 38. Rxd5+ Kg6 39. Kg4 Re6 40. Rd2 Re4+ 41. Kf3 Re6 42. c3 Kg5 43. b3 Rh6 44. Ke4 Rh3 45. Rc2 h5 46. a4 Rh4+ 47. Ke5 Rh3 48. c4 b4 49. Rb2 Rc3 50. Kd6 1-0

[Event "FRA-chT1 1011"]
[Site "France"]
[Date "2010.12.11"]
[Round "4.6"]
[White "Sorin, Baptiste"]
[Black "Le Montagner, Yoann"]
[Result "1-0"]
[WhiteElo "2223"]
[BlackElo "1999"]
[PlyCount "67"]
[EventDate "2010.10.17"]
[EventType "team-tourn"]
[EventRounds "11"]
[EventCountry "FRA"]
[SourceTitle "EXT 2012"]
[Source "ChessBase"]
[SourceDate "2011.11.24"]
[SourceVersion "1"]
[SourceVersionDate "2011.11.24"]
[SourceQuality "1"]

1. e4 c5 2. Nf3 d6 3. d4 cxd4 4. Nxd4 Nf6 5. Nc3 g6 6. Be3 Bg7 7. f3 0-0 8. Qd2 Nc6 9. Bc4 Bd7 10. 0-0-0 Ne5 11. Bb3 Rc8 12. Kb1 Nc4 13. Bxc4 Rxc4 14. g4 Re8 15. h4 h5 16. gxh5 Nxh5 17. Rdg1 b5 18. Rg5 b4 19. Nd5 a5 20. Rhg1 e6 21. Rxh5 exd5 22. Rxd5 Bc6 23. Nxc6 Rxc6 24. h5 Qf6 25. Bd4 Qxf3 26. Bxg7 Kxg7 27. hxg6 f6 28. Rf5 Qxe4 29. Rh5 Qe3 30. Rh7+ Kg8 31. Qd5+ Qe6 32. Qh1 f5 33. Rh8+ Kg7 34. Qh6+ 1-0

[Event "FRA-chT1 1011"]
[Site "France"]
[Date "2010.11.13"]
[Round "2.6"]
[White "Geffroy, Laurent"]
[Black "Sorin, Baptiste"]
[Result "0-1"]
[WhiteElo "2221"]
[BlackElo "2223"]
[PlyCount "66"]
[EventDate "2010.10.17"]
[EventType "team-tourn"]
[EventRounds "11"]
[EventCountry "FRA"]
[SourceTitle "EXT 2012"]
[Source "ChessBase"]
[SourceDate "2011.11.24"]
[SourceVersion "1"]
[SourceVersionDate "2011.11.24"]
[SourceQuality "1"]

1. d4 d5 2. c4 e6 3. Nc3 Nf6 4. cxd5 exd5 5. Bg5 Be7 6. e3 0-0 7. Bd3 Nbd7 8. Nf3 b6 9. 0-0 Bb7 10. Rc1 c5 11. Qe2 Ne4 12. Bf4 a6 13. Rfd1 Nxc3 14. Rxc3 c4 15. Bb1 b5 16. Ne5 Nxe5 17. Bxe5 g6 18. e4 dxe4 19. Bxe4 Bxe4 20. Qxe4 Bf6 21. f4 Bg7 22. Bxg7 Kxg7 23. f5 Re8 24. Qf4 h6 25. Rf1 Qf6 26. Rh3 g5 27. Qg4 Rad8 28. Rd1 Rd5 29. Rf3 Red8 30. Rf4 h5 31. Qg3 Rxd4 32. Rdf1 Rxf4 33. Rxf4 Rd1+ 0-1

[Event "FRA-chT1 0910"]
[Site "France"]
[Date "2009.10.17"]
[Round "2.5"]
[White "Jossien, Remy"]
[Black "Sorin, Baptiste"]
[Result "1-0"]
[WhiteElo "2264"]
[BlackElo "2219"]
[PlyCount "79"]
[EventDate "2009.09.27"]
[EventType "team-tourn"]
[EventRounds "11"]
[EventCountry "FRA"]
[SourceTitle "EXT 2011"]
[Source "ChessBase"]
[SourceDate "2010.11.26"]
[SourceVersion "1"]
[SourceVersionDate "2010.11.26"]
[SourceQuality "1"]

1. e4 c5 2. Nf3 d6 3. g3 Nc6 4. Bg2 g6 5. 0-0 Bg7 6. d3 e6 7. Nbd2 Nge7 8. Re1 0-0 9. Nf1 Rb8 10. c3 e5 11. Bd2 b5 12. Qc1 Re8 13. Bh6 Bh8 14. Qg5 a5 15. Qh4 d5 16. exd5 Nxd5 17. Ne3 Qxh4 18. Nxh4 Nde7 19. f4 exf4 20. Bxf4 Be5 21. Nd5 Bxf4 22. Nf6+ Kf8 23. Nxe8 Kxe8 24. gxf4 Kd8 25. a3 a4 26. d4 cxd4 27. cxd4 Na5 28. d5 Rb6 29. Nf3 f6 30. Nd4 Nc4 31. Re2 Bg4 32. Rc2 Ne3 33. Rc5 b4 34. Re1 Nd1 35. axb4 Nxb2 36. Nc6+ Nxc6 37. dxc6 Kc7 38. h3 Nd3 39. Re7+ Kd6 40. hxg4 1-0

[Event "FRA-chT1B 0809"]
[Site "France"]
[Date "2009.04.05"]
[Round "11.4"]
[White "Sorin, Baptiste"]
[Black "Rabeyrin, Jean Jacques"]
[Result "1/2-1/2"]
[WhiteElo "2170"]
[BlackElo "2269"]
[PlyCount "57"]
[EventDate "2008.10.19"]
[EventType "team-tourn"]
[EventRounds "11"]
[EventCountry "FRA"]
[SourceTitle "EXT 2010"]
[Source "ChessBase"]
[SourceDate "2010.11.25"]
[SourceVersion "1"]
[SourceVersionDate "2010.11.25"]
[SourceQuality "1"]
[WhiteTeam "Sautron"]
[BlackTeam "Vincennes"]
[WhiteTeamCountry "FRA"]
[BlackTeamCountry "FRA"]

1. e4 c5 2. Nf3 d6 3. d4 cxd4 4. Nxd4 Nf6 5. Nc3 a6 6. Bg5 e6 7. f4 Be7 8. Qf3 Qc7 9. 0-0-0 Nbd7 10. g4 b5 11. Bxf6 Nxf6 12. g5 Nd7 13. f5 Nc5 14. fxe6 fxe6 15. h4 b4 16. Nce2 e5 17. Nf5 0-0 18. Bh3 Kh8 19. Qe3 Bb7 20. Neg3 g6 21. Nxe7 Qxe7 22. h5 Kg7 23. Rh2 Rf4 24. hxg6 hxg6 25. Bf5 Rh8 26. Rxh8 Kxh8 27. Rh1+ Kg8 28. Bxg6 Qxg5 29. Bf5 1/2-1/2

[Event "FRA-chT1B 0809"]
[Site "France"]
[Date "2009.02.07"]
[Round "6.4"]
[White "Sorin, Baptiste"]
[Black "Terrieux, Kevin"]
[Result "1/2-1/2"]
[WhiteElo "2170"]
[BlackElo "2455"]
[PlyCount "64"]
[EventDate "2008.10.19"]
[EventType "team-tourn"]
[EventRounds "11"]
[EventCountry "FRA"]
[SourceTitle "EXT 2010"]
[Source "ChessBase"]
[SourceDate "2010.11.25"]
[SourceVersion "1"]
[SourceVersionDate "2010.11.25"]
[SourceQuality "1"]
[WhiteTeam "Sautron"]
[BlackTeam "Guingamp"]
[WhiteTeamCountry "FRA"]
[BlackTeamCountry "FRA"]

1. e4 c5 2. Nf3 Nc6 3. d4 cxd4 4. Nxd4 Nf6 5. Nc3 e5 6. Ndb5 d6 7. Bg5 a6 8. Na3 b5 9. Bxf6 gxf6 10. Nd5 f5 11. c3 Bg7 12. exf5 Bxf5 13. Nc2 0-0 14. a4 Bxc2 15. Qxc2 e4 16. axb5 axb5 17. Rxa8 Qxa8 18. Be2 Kh8 19. Qb3 b4 20. 0-0 bxc3 21. bxc3 Rb8 22. Qc4 Ne5 23. Qc7 Bf8 24. Nb6 Qb7 25. Qxb7 Rxb7 26. Nc4 Ng6 27. Rd1 Nf4 28. Bf1 Rc7 29. g3 Nd3 30. Bxd3 exd3 31. Nb2 Rxc3 32. Nxd3 Ra3 1/2-1/2

[Event "FRA-chT1B 0809"]
[Site "France"]
[Date "2008.11.23"]
[Round "3.6"]
[White "Sorin, Baptiste"]
[Black "Kirszenberg, Marc"]
[Result "1-0"]
[WhiteElo "2170"]
[BlackElo "2228"]
[PlyCount "91"]
[EventDate "2008.10.19"]
[EventType "team-tourn"]
[EventRounds "11"]
[EventCountry "FRA"]
[SourceTitle "EXT 2010"]
[Source "ChessBase"]
[SourceDate "2010.11.25"]
[SourceVersion "1"]
[SourceVersionDate "2010.11.25"]
[SourceQuality "1"]
[WhiteTeam "Sautron"]
[BlackTeam "Rueil Malmaison"]
[WhiteTeamCountry "FRA"]
[BlackTeamCountry "FRA"]

1. e4 c6 2. d4 d5 3. Nc3 g6 4. Be3 Bg7 5. Qd2 Na6 6. Bxa6 bxa6 7. Nge2 Qa5 8. f3 Bb7 9. 0-0 h5 10. a3 Rd8 11. b4 Qc7 12. Rad1 e6 13. Na4 dxe4 14. fxe4 Nh6 15. h3 f6 16. Nc5 Bc8 17. Nf4 Qf7 18. Nfd3 Qe7 19. Qc1 g5 20. e5 Nf5 21. exf6 Bxf6 22. Ne5 Qg7 23. Ne4 Bxe5 24. dxe5 Rxd1 25. Rxd1 Qxe5 26. Nd6+ Nxd6 27. Bd4 Qg3 28. Rd3 Qf4 29. Qxf4 gxf4 30. Bxh8 Nf7 31. Bd4 e5 32. Bxa7 Bf5 33. Rd2 Ke7 34. a4 Ke6 35. Bb8 Be4 36. c4 h4 37. Kf2 Kf5 38. b5 cxb5 39. cxb5 axb5 40. axb5 Ng5 41. Rd8 f3 42. Rf8+ Kg6 43. gxf3 Bf5 44. Bxe5 Nxh3+ 45. Kg2 Ng5 46. Rf6+ 1-0

[Event "FRA-chT2 West 0708"]
[Site "France"]
[Date "2008.03.15"]
[Round "8.6"]
[White "Sorin, Baptiste"]
[Black "Hameau, Cyril"]
[Result "1-0"]
[WhiteElo "2145"]
[BlackElo "2082"]
[PlyCount "39"]
[EventDate "2007.10.21"]
[EventType "team"]
[EventRounds "11"]
[EventCountry "FRA"]
[SourceTitle "EXT 2009"]
[Source "ChessBase"]
[SourceDate "2008.11.26"]
[SourceVersion "1"]
[SourceVersionDate "2008.11.26"]
[SourceQuality "1"]
[WhiteTeam "Sautron"]
[BlackTeam "Cergy Pontoise"]
[WhiteTeamCountry "FRA"]
[BlackTeamCountry "FRA"]

1. e4 d5 2. exd5 Qxd5 3. Nc3 Qd6 4. d4 Nf6 5. g3 a6 6. Bg2 Nc6 7. d5 Nb4 8. a3 Bg4 9. f3 Nbxd5 10. Nxd5 0-0-0 11. fxg4 Nxd5 12. Qxd5 Qxd5 13. Bxd5 Rxd5 14. Nf3 e5 15. Be3 e4 16. Ng5 f6 17. Ne6 Bd6 18. Nxg7 Rg8 19. Nf5 Be5 20. Ne7+ 1-0

[Event "FRA-chT2 West 0708"]
[Site "France"]
[Date "2007.12.16"]
[Round "4.3"]
[White "Sorin, Baptiste"]
[Black "Bollore, Jacques"]
[Result "0-1"]
[WhiteElo "2143"]
[BlackElo "2125"]
[PlyCount "48"]
[EventDate "2007.10.21"]
[EventType "team"]
[EventRounds "11"]
[EventCountry "FRA"]
[SourceTitle "EXT 2009"]
[Source "ChessBase"]
[SourceDate "2008.11.26"]
[SourceVersion "1"]
[SourceVersionDate "2008.11.26"]
[SourceQuality "1"]
[WhiteTeam "Sautron"]
[BlackTeam "Quimper"]
[WhiteTeamCountry "FRA"]
[BlackTeamCountry "FRA"]

1. e4 c5 2. Nf3 Nc6 3. d4 cxd4 4. Nxd4 Nf6 5. Nc3 e5 6. Ndb5 d6 7. Bg5 a6 8. Na3 b5 9. Bxf6 gxf6 10. Nd5 f5 11. c3 Bg7 12. Bd3 Be6 13. Nxb5 axb5 14. Bxb5 Bd7 15. exf5 h5 16. Qf3 Rb8 17. a4 Na5 18. b4 Bxb5 19. axb5 Nc4 20. Ra7 Rh6 21. Qe4 Rc8 22. Ne7 d5 23. Qf3 Ra8 24. Nc6 Rxc6 0-1

[Event "FRA-chT2 West 0708"]
[Site "France"]
[Date "2007.11.25"]
[Round "3.5"]
[White "Mandon, Fabrice"]
[Black "Sorin, Baptiste"]
[Result "1/2-1/2"]
[WhiteElo "2188"]
[BlackElo "2143"]
[PlyCount "107"]
[EventDate "2007.10.21"]
[EventType "team"]
[EventRounds "11"]
[EventCountry "FRA"]
[SourceTitle "EXT 2009"]
[Source "ChessBase"]
[SourceDate "2008.11.26"]
[SourceVersion "1"]
[SourceVersionDate "2008.11.26"]
[SourceQuality "1"]
[WhiteTeam "Gonfreville II"]
[BlackTeam "Sautron"]
[WhiteTeamCountry "FRA"]
[BlackTeamCountry "FRA"]

1. e4 c5 2. Nf3 d6 3. d4 cxd4 4. Nxd4 Nf6 5. Nc3 Nc6 6. Bg5 e6 7. Qd2 a6 8. 0-0-0 h6 9. Bh4 Nxe4 10. Bxd8 Nxd2 11. Nxc6 bxc6 12. Bc7 Nxf1 13. Bxd6 Nxh2 14. Rxh2 Bxd6 15. Rxd6 Bd7 16. Rh4 Ke7 17. Rhd4 Be8 18. Na4 h5 19. c4 h4 20. c5 Rh5 21. Kd2 Rg5 22. Rxh4 Rxg2 23. Rb4 Ra7 24. Ke3 Rg5 25. Rb8 Rxc5 26. Rxe6+ Kxe6 27. Nxc5+ Kd6 28. Kd4 Bd7 29. b4 a5 30. a4 g6 31. Rb7 Rxb7 32. Nxb7+ Kc7 33. Nxa5 c5+ 34. Kxc5 Bxa4 35. b5 g5 36. b6+ Kd7 37. Nc4 f6 38. Nd6 Bc2 39. Ne8 Kc8 40. Nxf6 Kb7 41. Ne8 Bd1 42. Nd6+ Kb8 43. Nf7 g4 44. Ne5 Kb7 45. Nc4 Bf3 46. Na5+ Kc8 47. Kd6 Bg2 48. Ke5 Bf3 49. Kf4 Kb8 50. Kf5 Kc8 51. Ke6 Bh1 52. Kd6 Bg2 53. Kc5 Bf3 54. Nc4 1/2-1/2

[Event "FRA-chT2 West 0607"]
[Site "France"]
[Date "2007.03.18"]
[Round "9.4"]
[White "Sorin, Baptiste"]
[Black "Lupu, Mircea Sergiu"]
[Result "0-1"]
[WhiteElo "2155"]
[BlackElo "2453"]
[PlyCount "110"]
[EventDate "2006.10.15"]
[EventType "team"]
[EventRounds "11"]
[EventCountry "FRA"]
[SourceTitle "EXT 2008"]
[Source "ChessBase"]
[SourceDate "2007.11.25"]
[SourceVersion "1"]
[SourceVersionDate "2007.11.25"]
[SourceQuality "1"]
[WhiteTeam "Sautron"]
[BlackTeam "Chess XV II"]
[WhiteTeamCountry "FRA"]
[BlackTeamCountry "FRA"]

1. e4 c5 2. Nf3 e6 3. d4 cxd4 4. Nxd4 Nc6 5. Nb5 d6 6. Bf4 Ne5 7. N1c3 Nf6 8. Bxe5 dxe5 9. Qxd8+ Kxd8 10. 0-0-0+ Bd7 11. Be2 Bc5 12. f3 Ke7 13. Nb1 a6 14. N5c3 Bd4 15. Bd3 Rac8 16. Ne2 Be3+ 17. Nd2 Rhd8 18. Kb1 b5 19. g3 Bc6 20. Nb3 Bb6 21. h4 Ne8 22. g4 Nd6 23. Nd2 Nb7 24. Nc1 Rd6 25. Be2 Rcd8 26. Ndb3 Rxd1 27. Rxd1 Rxd1 28. Bxd1 Nd6 29. Be2 f5 30. Nd3 fxe4 31. Nxe5 Bd5 32. Nd2 Be3 33. Nf1 Bf2 34. h5 Kf6 35. f4 Bd4 36. Nd7+ Ke7 37. Ne5 Bxe5 38. fxe5 Nf7 39. a4 Bc6 40. axb5 Bxb5 41. c4 Bc6 42. Kc2 Nxe5 43. Kc3 a5 44. Kd4 Nd7 45. c5 e5+ 46. Kc4 Nf8 47. b4 axb4 48. Kxb4 Ne6 49. Bb5 Bxb5 50. Kxb5 Kf6 51. Kc6 Kg5 52. Kd5 Nxc5 53. Kxc5 Kxg4 54. Kd5 Kf4 55. Ke6 g5 0-1

[Event "FRA-ch U20"]
[Site "Calvi"]
[Date "2005.04.18"]
[Round "2"]
[White "Sorin, Baptiste"]
[Black "Pietrasanta, Jeremy"]
[Result "1-0"]
[WhiteElo "2082"]
[BlackElo "2220"]
[PlyCount "55"]
[EventDate "2005.04.??"]
[EventType "swiss"]
[EventRounds "9"]
[EventCountry "FRA"]
[SourceTitle "EXT 2006"]
[Source "ChessBase"]
[SourceDate "2005.11.24"]
[SourceVersion "1"]
[SourceVersionDate "2005.11.24"]
[SourceQuality "1"]

1. e4 g6 2. d4 Bg7 3. Nc3 c6 4. f4 d5 5. e5 Nh6 6. Be3 Qb6 7. Na4 Qa5+ 8. c3 f6 9. Nc5 Qd8 10. Be2 b6 11. Nd3 Bf5 12. Nf3 Be4 13. 0-0 0-0 14. Nf2 f5 15. Ng5 Qd7 16. Qb3 e6 17. Rac1 b5 18. a4 a6 19. axb5 axb5 20. Ra1 Na6 21. Ra2 Nf7 22. Nxf7 Kxf7 23. Rfa1 Nc7 24. Ra7 Rfb8 25. Rxa8 Nxa8 26. Nxe4 dxe4 27. d5 Nb6 28. dxe6+ 1-0

[Event "Sautron op"]
[Site "Sautron"]
[Date "2005.??.??"]
[Round "?"]
[White "Maze, Sebastien"]
[Black "Sorin, Baptiste"]
[Result "1-0"]
[WhiteElo "2494"]
[BlackElo "2093"]
[PlyCount "75"]
[EventDate "2005.09.10"]
[EventType "swiss"]
[EventRounds "7"]
[EventCountry "FRA"]
[SourceTitle "EXT 2007"]
[Source "ChessBase"]
[SourceDate "2006.11.23"]
[SourceVersion "1"]
[SourceVersionDate "2006.11.23"]
[SourceQuality "1"]

1. e4 c5 2. Nf3 d6 3. Bb5+ Bd7 4. Bxd7+ Qxd7 5. c4 Nc6 6. Nc3 g6 7. d4 cxd4 8. Nxd4 Bg7 9. Be3 Nf6 10. f3 Rc8 11. b3 0-0 12. 0-0 Rfd8 13. Qd2 b6 14. Rfd1 Qb7 15. Rac1 a6 16. Nxc6 Qxc6 17. a4 Qb7 18. Bd4 e6 19. Qf2 Rc6 20. Qh4 Qe7 21. e5 dxe5 22. Bxe5 Qc5+ 23. Bd4 Rxd4 24. Qxd4 Qxd4+ 25. Rxd4 Nd5 26. Rxd5 exd5 27. Nxd5 Kf8 28. Rd1 a5 29. Kf2 f5 30. f4 Kf7 31. Kf3 h6 32. h3 g5 33. Ne3 Ke6 34. Rd5 Rc5 35. Nxf5 Bf8 36. Nd4+ Kf6 37. fxg5+ hxg5 38. Ke4 1-0

[Event "FRA-chT Gp-A"]
[Site "France"]
[Date "2003.04.05"]
[Round "6.8"]
[White "Sorin, Baptiste"]
[Black "Salaun, Yann"]
[Result "1-0"]
[WhiteElo "2066"]
[BlackElo "2386"]
[PlyCount "51"]
[EventDate "2003.01.31"]
[EventType "team"]
[EventRounds "7"]
[EventCountry "FRA"]
[SourceTitle "CBM 095"]
[Source "ChessBase"]
[SourceDate "2003.07.25"]
[SourceVersion "1"]
[SourceVersionDate "2003.07.25"]
[SourceQuality "1"]
[WhiteTeam "Sautron"]
[BlackTeam "Drancy"]
[WhiteTeamCountry "FRA"]
[BlackTeamCountry "FRA"]

1. e4 c5 2. Nf3 e6 3. d4 cxd4 4. Nxd4 Nc6 5. Nb5 d6 6. Bf4 e5 7. Be3 a6 8. N5c3 Nf6 9. Bc4 Be7 10. Nd5 0-0 11. Nbc3 b5 12. Bb3 Rb8 13. 0-0 a5 14. a4 bxa4 15. Rxa4 Bd7 16. Ra1 Ng4 17. Bc1 Bg5 18. h3 Bxc1 19. Qxc1 Nh6 20. g4 Kh8 21. Ne2 Qh4 22. Qe3 Ng8 23. Bc4 h5 24. f3 Nd4 25. Qf2 Qxh3 26. Nxd4 1-0

[Event "Guingamp op 7th"]
[Site "Guingamp"]
[Date "2003.03.06"]
[Round "7"]
[White "Brenneur, Roger"]
[Black "Sorin, Baptiste"]
[Result "0-1"]
[WhiteElo "2020"]
[BlackElo "2066"]
[PlyCount "69"]
[EventDate "2003.03.02"]
[EventType "swiss"]
[EventRounds "9"]
[EventCountry "FRA"]
[SourceTitle "EXT 2004"]
[Source "ChessBase"]
[SourceDate "2003.11.25"]
[SourceVersion "1"]
[SourceVersionDate "2003.11.25"]
[SourceQuality "1"]

1. g3 d5 2. Bg2 c6 3. d3 Nf6 4. Nd2 e5 5. c4 Be7 6. b3 0-0 7. Bb2 d4 8. Ngf3 Qc7 9. 0-0 Bf5 10. Nh4 Bg4 11. h3 Be6 12. a3 a5 13. Qc2 Nbd7 14. Kh2 Nh5 15. Nhf3 f5 16. Rfe1 c5 17. Nf1 Kh8 18. e4 f4 19. g4 Nhf6 20. Kg1 Rg8 21. N1h2 g5 22. Kf1 h6 23. Ke2 a4 24. Reb1 axb3 25. Qxb3 Nxe4 26. Nxd4 cxd4 27. Bxd4 exd4 28. Qxb7 Nc3+ 29. Kf1 Qxb7 30. Rxb7 Rxa3 31. Re1 Ra6 32. Rxd7 Bxd7 33. Rxe7 Ra1+ 34. Re1 Rxe1+ 35. Kxe1 0-1